000 00548nam a2200181 a 4500
005 20210219152726.0
008 991125n la 000 0 spa u
035 _aUPN01000059595
049 _aAcervo histórico
245 0 _aBOLETIN INFORMATIVO - CENTRO DE DOCUMENTACION PEDAGOGICA
260 _aLa Habana, Cuba:
_bCentro regional de la UNESCO en el Hemisferio Occidental
362 0 _a1962 (1,2)
362 0 _a1963 (3,4,5,6)
362 0 _a1964 (7,8,9-10)
362 0 _a1965 (7,8,9-10,11-12,13)
904 0 _aAC
_b000327
905 0 _aRevista
999 _c59535
_d59535